| 000 | 00976nmc a2200325 a 4500 | ||
|---|---|---|---|
| 003 | AR-BaBNM | ||
| 005 | 20251128204749.0 | ||
| 008 | 155119s1994 ||||||||||||||000 | spa|| | ||
| 020 | _a84-7112-392-4 | ||
| 040 | _cAR-BaBNM | ||
| 100 | 1 | _aAitken, John | |
| 245 | 1 | 0 |
_aTecnología creativa _brecursos para el aula |
| 260 |
_aMadrid _bMinisterio de Educación y Ciencia _bEdiciones Morata _c1994 |
||
| 300 | 0 |
_a287 p. _bil., gráfs. |
|
| 490 | 0 | _aPedagogía. Proyectos curriculares | |
| 650 | 4 | _aACTIVIDADES DE APRENDIZAJE | |
| 650 | 4 | _aMETODOS DE ENSENANZA | |
| 650 | 4 | _aSOLUCION DE PROBLEMAS | |
| 650 | 4 | _aDESARROLLO DE LA CREATIVIDAD | |
| 650 | 4 | _aPROCESO DEL PENSAMIENTO | |
| 650 | 4 | _aMATERIAL DIDACTICO | |
| 650 | 4 | _aTECNICAS DIDACTICAS | |
| 650 | 4 | _aTECNOLOGIA EDUCATIVA | |
| 653 | _aINVESTIGACION EDUCATIVA | ||
| 653 | 0 | _aESTRATEGIAS EDUCATIVAS | |
| 700 | 1 | _aMills, George | |
| 700 | 1 |
_aSolana, Guillermo _edirector |
|
| 942 | _cBK | ||
| 998 | _cGrace | ||
| 999 |
_c8725 _d8725 |
||